Associate the European Champions League winners soccer clubs with their country - Statistics

General Stats
  • This quiz has been taken 722 times
  • The average score is 9 of 9
Answer Stats
Hint Answer % Correct
Chelsea England
99%
Marseille France
99%
Bayern Germany
99%
Juventus Italy
99%
Real Madrid Spain
99%
Benfica Portugal
98%
Ajax Netherlands
97%
Celtic Scotland
95%
Red Star Serbia
80%
No matching quizzes found
Score Distribution
Percent of People with Each Score
Percentile by Number Answered
Your Score History
You have not taken this quiz